000 00208 a2200097 4500
020 _a9798875295997
041 _aspa
100 _aWaldendorf, Kurt
245 _aCopa Mundial Primer Plano
942 _cLibros/Book
999 _c31988
_d31986